[Event "Oberliga Nord N 1920"]
[Site "Germany"]
[Date "2019.11.24"]
[Round "3.8"]
[White "Schwarzat, Julian"]
[Black "Nahnsen, Kenneth"]
[Result "1-0"]
[WhiteElo "2103"]
[BlackElo "1969"]
[PlyCount "63"]
[EventDate "2019.09.29"]
[EventType "team-tourn"]
[EventRounds "9"]
[EventCountry "GER"]
[SourceTitle "CBM 195 Extra"]
[Source "ChessBase"]
[SourceDate "2020.05.31"]
[SourceVersion "1"]
[SourceVersionDate "2020.05.31"]
[SourceQuality "1"]

1. e4 d6 2. Nf3 Nf6 3. d3 e5 4. c3 Be7 5. g3 Nbd7 6. Bg2 h6 7. 0-0 c6 8. Qe2 Qc7 9. Re1 g5 10. Nbd2 Nf8 11. Nc4 Ng6 12. Ne3 Be6 13. Nf5 0-0-0 14. d4 Rdg8 15. b4 Qd7 16. dxe5 dxe5 17. Rd1 Qc7 18. Nxe7+ Qxe7 19. a4 g4 20. Nd2 h5 21. Ba3 h4 22. Qe3 hxg3 23. hxg3 Nd7 24. Qxa7 Nf4 25. a5 Ne2+ 26. Kf1 Nxc3 27. a6 Nb8 28. b5 c5 29. Bxc5 Qd7 30. axb7+ Qxb7 31. Qxb7+ Kxb7 32. Ra7+ 1-0

[Event "Kiel op 31st"]
[Site "Kiel"]
[Date "2018.08.01"]
[Round "7"]
[White "Straetker, Sebastian"]
[Black "Nahnsen, Kenneth"]
[Result "1/2-1/2"]
[WhiteElo "1887"]
[BlackElo "2004"]
[PlyCount "27"]
[EventDate "2018.07.28"]
[EventType "swiss"]
[EventRounds "9"]
[EventCountry "GER"]
[SourceTitle "CBM 185 Extra"]
[Source "ChessBase"]
[SourceDate "2018.07.29"]
[SourceVersion "1"]
[SourceVersionDate "2018.07.29"]
[SourceQuality "1"]

1. Nf3 c5 2. g3 Nf6 3. Bg2 Nc6 4. 0-0 g6 5. c4 Bg7 6. Nc3 0-0 7. d3 d6 8. a3 Ne8 9. Bd2 Nc7 10. Rb1 a5 11. Ne1 Bd7 12. Nc2 Rb8 13. Qe1 b6 14. b4 1/2-1/2

[Event "Douglas IoM op"]
[Site "Douglas"]
[Date "2017.09.27"]
[Round "5"]
[White "Nahnsen, Kenneth"]
[Black "Prueske, Wolfgang"]
[Result "1/2-1/2"]
[WhiteElo "2011"]
[BlackElo "2046"]
[PlyCount "66"]
[EventDate "2017.09.23"]
[EventType "swiss"]
[EventRounds "9"]
[EventCountry "IOM"]
[SourceTitle "CBM 181"]
[Source "ChessBase"]
[SourceDate "2017.11.10"]
[SourceVersion "1"]
[SourceVersionDate "2017.11.10"]
[SourceQuality "1"]

1. e4 c6 2. d4 d5 3. exd5 cxd5 4. c4 Nf6 5. Nc3 g6 6. Qb3 Bg7 7. cxd5 0-0 8. Nge2 Na6 9. g3 Qb6 10. Bg2 Qxb3 11. axb3 Nb4 12. 0-0 Rd8 13. Ra5 Ne8 14. Bg5 f6 15. Bd2 Nd6 16. Ne4 Na6 17. Nxd6 exd6 18. Rfa1 Bg4 19. Nf4 Bh6 20. Be3 Bxf4 21. Bxf4 g5 22. Bd2 Rac8 23. Be4 Rc7 24. Rxa6 Re7 25. Rxd6 Rxd6 26. Bb4 Rxe4 27. Bxd6 Rxd4 28. Bc5 Rxd5 29. Bxa7 Rd1+ 30. Rxd1 Bxd1 31. Bd4 Kf7 32. b4 Ke6 33. Kg2 g4 1/2-1/2

[Event "GER-chT U20"]
[Site "Osnabrueck"]
[Date "2015.12.29"]
[Round "5.6"]
[White "Nahnsen, Kenneth"]
[Black "Spindler, Florian"]
[Result "0-1"]
[WhiteElo "1914"]
[BlackElo "1879"]
[PlyCount "70"]
[EventDate "2015.12.27"]
[EventType "team-swiss"]
[EventRounds "7"]
[EventCountry "GER"]
[SourceTitle "EXT 2017"]
[Source "ChessBase"]
[SourceDate "2016.10.25"]
[SourceVersion "1"]
[SourceVersionDate "2016.10.25"]
[SourceQuality "1"]
[WhiteTeam "Kiel Doppelbauer"]
[BlackTeam "Porz SG"]
[WhiteTeamCountry "GER"]
[BlackTeamCountry "GER"]

1. e4 c5 2. c3 Nf6 3. e5 Nd5 4. d4 cxd4 5. Nf3 e6 6. cxd4 d6 7. Nc3 dxe5 8. Nxe5 Bb4 9. Bd2 0-0 10. Bd3 Nc6 11. Nxc6 bxc6 12. 0-0 Bd6 13. Ne4 Nf4 14. Nxd6 Qxd6 15. Bc3 Nxd3 16. Qxd3 Rd8 17. Qe3 Ba6 18. Rfd1 Rd7 19. Rd2 Rad8 20. h3 Bb7 21. Rad1 Qd5 22. a3 Ba6 23. Bb4 Qf5 24. Rc1 Qd5 25. Rc5 Qa2 26. Rxc6 Qb1+ 27. Kh2 Bb7 28. Rc5 Qf1 29. Qg3 g6 30. f3 Qa6 31. Qh4 Kg7 32. Ra5 Qb6 33. Rc5 Rc8 34. Rxc8 Bxc8 35. Be7 Qc7+ 0-1

[Event "Politiken Cup 37th"]
[Site "Helsingor"]
[Date "2015.07.30"]
[Round "7"]
[White "Agovic, Seifo"]
[Black "Nahnsen, Kenneth"]
[Result "0-1"]
[WhiteElo "1699"]
[BlackElo "1960"]
[PlyCount "105"]
[EventDate "2015.07.25"]
[EventType "swiss"]
[EventRounds "10"]
[EventCountry "DEN"]
[SourceTitle "CBM 167 Extra"]
[Source "ChessBase"]
[SourceDate "2015.09.14"]
[SourceVersion "1"]
[SourceVersionDate "2015.09.14"]
[SourceQuality "1"]

1. e4 e6 2. d3 c5 3. Nf3 Nc6 4. Nc3 d6 5. g3 g6 6. Bg2 Bg7 7. 0-0 Nge7 8. Be3 Nd4 9. Rb1 0-0 10. Ne2 Nxf3+ 11. Bxf3 f5 12. Bg2 Nc6 13. c3 e5 14. d4 fxe4 15. Bxe4 d5 16. Bg2 Bf5 17. Rc1 c4 18. Qa4 Bd3 19. Rfe1 e4 20. Qb5 Rf7 21. Nf4 Rd7 22. Bh3 a6 23. Qa4 b5 24. Qd1 Rd6 25. Be6+ Kh8 26. Qg4 Ra7 27. Qh3 Ne7 28. b3 Qb6 29. b4 a5 30. a3 axb4 31. axb4 g5 32. Qh5 Ra8 33. Ra1 Rf8 34. Nxd3 cxd3 35. Bg4 Ng8 36. Qh3 Qc7 37. Ra3 Rc6 38. Bd2 Rff6 39. Rf1 Qf7 40. Qg2 h5 41. Bd1 g4 42. Ra5 Qd7 43. Bb3 Bh6 44. Bxh6 Nxh6 45. Ra2 e3 46. Bxd5 e2 47. Qe4 exf1Q+ 48. Kxf1 Rc8 49. Qg2 Qe7 50. Kg1 Qe1+ 51. Qf1 Qxc3 52. Ra8 Rxa8 53. Bxa8 0-1

[Event "Politiken Cup 37th"]
[Site "Helsingor"]
[Date "2015.07.27"]
[Round "4"]
[White "Nahnsen, Kenneth"]
[Black "Engel, Robert"]
[Result "1-0"]
[WhiteElo "1960"]
[BlackElo "1725"]
[PlyCount "57"]
[EventDate "2015.07.25"]
[EventType "swiss"]
[EventRounds "10"]
[EventCountry "DEN"]
[SourceTitle "CBM 167 Extra"]
[Source "ChessBase"]
[SourceDate "2015.09.14"]
[SourceVersion "1"]
[SourceVersionDate "2015.09.14"]
[SourceQuality "1"]

1. d4 Nf6 2. Nf3 g6 3. c4 Bg7 4. g3 0-0 5. Bg2 d6 6. 0-0 c6 7. Nc3 Qc7 8. e4 e5 9. h3 Ne8 10. dxe5 dxe5 11. c5 Na6 12. Be3 Qe7 13. Rc1 Nec7 14. Qb3 Ne6 15. Rfd1 Naxc5 16. Qa3 Re8 17. Nd5 cxd5 18. exd5 Na6 19. dxe6 Bxe6 20. Ng5 Qxa3 21. bxa3 Rab8 22. Nxe6 Rxe6 23. Bxb7 Rxb7 24. Rd8+ Bf8 25. Bh6 Rb8 26. Rcc8 Rxc8 27. Rxc8 Re8 28. Rxe8 Nc7 29. Rxf8# 1-0

[Event "GER-chT Lands U20"]
[Site "Hannover"]
[Date "2014.10.04"]
[Round "2.2"]
[White "Hecht, Carsten"]
[Black "Nahnsen, Kenneth"]
[Result "1/2-1/2"]
[WhiteElo "2173"]
[BlackElo "1960"]
[PlyCount "71"]
[EventDate "2014.10.03"]
[EventType "team-swiss"]
[EventRounds "7"]
[EventCountry "GER"]
[SourceTitle "CBM 162 Extra"]
[Source "ChessBase"]
[SourceDate "2014.10.17"]
[SourceVersion "1"]
[SourceVersionDate "2014.10.17"]
[SourceQuality "1"]
[WhiteTeam "Nordrhein Westfalen"]
[BlackTeam "Team Nord"]
[WhiteTeamCountry "GER"]
[BlackTeamCountry "GER"]

1. e4 c5 2. Nf3 d6 3. d4 cxd4 4. Nxd4 Nf6 5. Nc3 g6 6. Be3 Bg7 7. f3 0-0 8. Qd2 Nc6 9. Bc4 Nxd4 10. Bxd4 Be6 11. Bb3 Qa5 12. 0-0-0 b5 13. Kb1 Rfc8 14. Bxf6 Bxf6 15. Nd5 Qxd2 16. Nxf6+ Kg7 17. Nh5+ Kh6 18. Rxd2 Kxh5 19. f4 Rc5 20. Re1 Rac8 21. c3 Bxb3 22. axb3 Kh6 23. e5 dxe5 24. fxe5 R8c7 25. Rd4 R5c6 26. Kc2 Re6 27. Rd5 a6 28. Kd3 Rec6 29. Re2 f5 30. Kd4 Kg7 31. Rc2 Kf7 32. c4 Ke6 33. c5 b4 34. Kc4 Rb7 35. Rcd2 Rb5 36. Rd1 1/2-1/2

[Event "Lueneburg op"]
[Site "Lueneburg"]
[Date "2014.08.12"]
[Round "4"]
[White "Spiess, Thomas"]
[Black "Nahnsen, Kenneth"]
[Result "0-1"]
[WhiteElo "1980"]
[BlackElo "1794"]
[PlyCount "46"]
[EventDate "2014.08.09"]
[EventType "swiss"]
[EventRounds "9"]
[EventCountry "GER"]
[SourceTitle "CBM 161 Extra"]
[Source "ChessBase"]
[SourceDate "2014.08.29"]
[SourceVersion "1"]
[SourceVersionDate "2014.08.29"]
[SourceQuality "1"]

1. d4 g6 2. e4 c5 3. d5 Bg7 4. Nc3 d6 5. Bf4 Qa5 6. Qd2 Qb4 7. Nge2 f5 8. a3 Qxb2 9. Rb1 Qxa3 10. Nb5 Qa2 11. Nec3 Qa5 12. Rb3 a6 13. Bxd6 Bxc3 14. Rxc3 axb5 15. Bxc5 Nd7 16. Ba3 Kf7 17. Bd3 b4 18. Rxc8 Rxc8 19. Bb2 fxe4 20. Bxe4 Ngf6 21. Bf3 Qa2 22. Qxb4 Qb1+ 23. Kd2 Rxc2+ 0-1

[Event "Lueneburg op"]
[Site "Lueneburg"]
[Date "2014.08.11"]
[Round "3"]
[White "Nahnsen, Kenneth"]
[Black "Uksini, Bardhyl"]
[Result "1/2-1/2"]
[WhiteElo "1794"]
[BlackElo "2063"]
[PlyCount "34"]
[EventDate "2014.08.09"]
[EventType "swiss"]
[EventRounds "9"]
[EventCountry "GER"]
[SourceTitle "CBM 161 Extra"]
[Source "ChessBase"]
[SourceDate "2014.08.29"]
[SourceVersion "1"]
[SourceVersionDate "2014.08.29"]
[SourceQuality "1"]

1. e4 c5 2. Nf3 e6 3. d4 cxd4 4. Nxd4 Nf6 5. Nc3 Nc6 6. Nxc6 bxc6 7. e5 Nd5 8. Ne4 Qc7 9. f4 Qb6 10. c4 Bb4+ 11. Ke2 Ba6 12. Kf3 f5 13. exf6 Nxf6 14. c5 Qa5 15. Nxf6+ gxf6 16. Bxa6 Qxa6 17. Qc2 0-0-0 1/2-1/2

[Event "Magdeburg op-A"]
[Site "Magdeburg"]
[Date "2014.06.10"]
[Round "5"]
[White "Nahnsen, Kenneth"]
[Black "Meissner, Felix"]
[Result "0-1"]
[WhiteElo "1754"]
[BlackElo "2211"]
[PlyCount "58"]
[EventDate "2014.06.08"]
[EventType "swiss"]
[EventRounds "9"]
[EventCountry "GER"]
[SourceTitle "CBM 160 Extra"]
[Source "ChessBase"]
[SourceDate "2014.07.01"]
[SourceVersion "1"]
[SourceVersionDate "2014.07.01"]
[SourceQuality "1"]

1. d4 Nf6 2. Nf3 g6 3. Bf4 Bg7 4. e3 0-0 5. Be2 d6 6. h3 b6 7. 0-0 Bb7 8. Bh2 Nbd7 9. a4 a6 10. b4 e6 11. Na3 Ne4 12. Qd3 Qe7 13. c4 e5 14. Nc2 a5 15. Nd2 Nxd2 16. Qxd2 Qg5 17. d5 axb4 18. Qxb4 Ra5 19. Na3 Nc5 20. Nb5 Qe7 21. Ra3 Bc8 22. Nc3 Bf5 23. Nb5 Rfa8 24. Nc3 Bc2 25. Rfa1 e4 26. R1a2 Bd3 27. Bd1 Na6 28. Qb3 Rc5 29. Be2 Rxc4 0-1